Los gemidos de la noche / (Registro nro. 14020)
[ vista simple ]
| 000 -LIDER | |
|---|---|
| fixed length control field | 00842nam a22002417a 4500 |
| 003 - IDENTIFICACDOR DE NÚMERO DE CONTROL | |
| control field | DO-SdBNP |
| 005 - DATE AND TIME OF LATEST TRANSACTION | |
| control field | 20220429133613.0 |
| 008 - ELEMENTOS DE LONGITUD FIJA | |
| fixed length control field | 220208b2006 dr | |||| 00| 0 spa d |
| 020 ## - ISBN | |
| International Standard Book Number | 97899420127 |
| 040 ## - FUENTE DE CATALOGACIÓN | |
| Agencia que crea de manera original el registro | BPMSU |
| Idioma de catalogación | spa |
| Agencia que realiza la transcripción | BPMSU |
| Agencia que realiza la modificación | |
| 082 ## - NÚMERO DE CLASIFICACIÓN DECIMAL DE DEWEY | |
| Classification number | RD861.5 |
| Item number | P324g |
| Edition number | 22 |
| 100 ## - ASIENTO PRINCIPAL -- NOMBRE PERSONAL | |
| Nombre personal | Paula, Hermes de |
| Fechas asociadas con el nombre | 1974- |
| 245 ## - MENCIÓN DE TITULO | |
| Título | Los gemidos de la noche / |
| Mención de responsabilidad | Hermes de Paula |
| 260 ## - PUBLICACIÓN, DISTRIBUCIÓN, ETC. (PIE DE IMPRENTA) | |
| Lugar de publicación, distribución, etc | San Francisco de Macorís, República Dominicana : |
| Nombre del editor, distribuidor, etc. | Ágeles de Fierro ; |
| -- | Secretaría de Estado de Cultura |
| Fecha de publicación, distribución, etc | [200-?] |
| 300 ## - DESCRIPCIÓN FÍSICA | |
| Extensión | 78 p ; |
| Dimensiones | 15cm |
| 500 ## - NOTA GENERAL | |
| Nota general | Incluye datos biográficos del autor en la solapa de la cubierta |
| 590 ## - NOTA LOCAL | |
| Enlace | Inventariado, 2022/VM |
| 650 #4 - ENCABEZAMIENTO DE MATERIA--TEMÁTICO | |
| Término temático o nombre geográfico como elemento de entrada | Poesía dominicana |
| 650 #4 - ENCABEZAMIENTO DE MATERIA--TEMÁTICO | |
| Término temático o nombre geográfico como elemento de entrada | Literatura dominicana |
| 710 2# - ASIENTO SECUNDARIO -- NOMBRE CORPORATIVO | |
| Nombre corporativo o de jurisdicción | Secretaría de Estado de Cultura (República Dominicna) |
| 910 ## - VALIDACIÓN | |
| Validación | YGarcía /VMateo V. |
| 942 ## - ADDED ENTRY ELEMENTS (KOHA) | |
| Source of classification or shelving scheme | Dewey Decimal Classification |
| Koha item type | Libros |
| Withdrawn status | Lost status | Source of classification or shelving scheme | Damaged status | Not for loan | Collection code | Home library | Current library | Date acquired | Full call number | Barcode | Date last seen | Price effective from | Koha item type |
|---|---|---|---|---|---|---|---|---|---|---|---|---|---|
| Dewey Decimal Classification | Colección Dominicana | Biblioteca Pública Metropolitana Salomé Ureña | Biblioteca Pública Metropolitana Salomé Ureña | 02/08/2022 | BPMSU CD RD861.5 P324g 2006 | BPMSU22040065 | 02/08/2022 | 02/08/2022 | Referencia |